000 00933nam a2200241 a 4500
005 20161123120728.0
008 091224s2015 ck ao gr 00010dspa d
020 _a9789588096643
040 _aCO-BoBLA
_cCO-BoBLA
_dCO-BoIAVH
041 0 _aspa
044 _ack
082 0 4 _a333.72
_bJ61s
100 1 _aJiménez Jiménez, Liberio
_eautor
245 1 0 _aSoldado de dos mundos :
_bGunther Buch ha muerto /
_cLiberio Jiménez Jiménez.
250 _aSegunda edición
260 3 _aNeiva, Colombia :
_bEditorial Gente Nueva,
_c2015.
300 _a109 páginas :
_bilustraciones a color y fotografías a color ;
_c30 x 23 cm.
600 1 4 _aBuch, Gunther
_vEntrevistas
650 2 6 _aConservación de la naturaleza
_zHuila (Colombia)
650 2 6 _aConservación de la naturaleza
_xAspectos sociales
_zHuila (Colombia)
651 4 _aReserva de Meremberg (Huila, Colombia)
942 _2ddc
_cLIBRO
999 _c19131
_d19131